000 00344cam a2200133ua 4500
041 _aeng
_h
082 _a824
_bHUX/OL
100 _aHuxley, Aldous .
245 _aOlive tree and other essays /
_cAldous Huxley.
_hTextual Documents
260 _aLondon :
_bChatto and Windus ,
_c1960.
300 _a294 ; .
942 _cBK
999 _c3937
_d3937